UM Logo

Extreme weather & climate / (Record no. 23785)

MARC details
000 -LEADER
fixed length control field 00845nam a22002537a 4500
005 - DATE AND TIME OF LATEST TRANSACTION
control field 20250916113506.0
008 - FIXED-LENGTH DATA ELEMENTS--GENERAL INFORMATION
fixed length control field 250916b |||||||| |||| 00| 0 eng d
020 ## - INTERNATIONAL STANDARD BOOK NUMBER
International Standard Book Number 9780357976876
082 ## - DEWEY DECIMAL CLASSIFICATION NUMBER
Classification number DC 551.6 Ah73 2025
100 ## - MAIN ENTRY--PERSONAL NAME
Personal name Ahrens, C. Donald,
Relator term author.
9 (RLIN) 40327
245 ## - TITLE STATEMENT
Title Extreme weather & climate /
Statement of responsibility, etc. C. Donald Ahrens, Perry Samson, Kevin A. Reed.
250 ## - EDITION STATEMENT
Edition statement Second edition.
260 ## - PUBLICATION, DISTRIBUTION, ETC. (IMPRINT)
Place of publication, distribution, etc. USA :
Name of publisher, distributor, etc. Cengage ;
Date of publication, distribution, etc. ©2025.
300 ## - PHYSICAL DESCRIPTION
Extent xviii, 557 pages :
Other physical details color illustrations ;
Dimensions 27 cm.
500 ## - GENERAL NOTE
General note Includes glossary and index.
650 #0 - SUBJECT ADDED ENTRY--TOPICAL TERM
Topical term or geographic name as entry element Severe storms.
9 (RLIN) 67558
650 #0 - SUBJECT ADDED ENTRY--TOPICAL TERM
Topical term or geographic name as entry element Climatic extremes.
9 (RLIN) 67559
650 #0 - SUBJECT ADDED ENTRY--TOPICAL TERM
Topical term or geographic name as entry element Weather forecasting.
9 (RLIN) 67560
650 #0 - SUBJECT ADDED ENTRY--TOPICAL TERM
Topical term or geographic name as entry element Climatology.
9 (RLIN) 67561
650 #0 - SUBJECT ADDED ENTRY--TOPICAL TERM
Topical term or geographic name as entry element Meteorology.
9 (RLIN) 67563
700 ## - ADDED ENTRY--PERSONAL NAME
Personal name Samson, Perry,
9 (RLIN) 67565
Relator term author.
700 ## - ADDED ENTRY--PERSONAL NAME
Personal name Reed, Kevin A.,
9 (RLIN) 67566
Relator term author.
942 ## - ADDED ENTRY ELEMENTS (KOHA)
Source of classification or shelving scheme Dewey Decimal Classification
Koha item type Circulation
Holdings
Withdrawn status Lost status Source of classification or shelving scheme Damaged status Not for loan Collection code Home library Current library Date acquired Source of acquisition Cost, normal purchase price Total Checkouts Full call number Barcode Date last seen Price effective from Koha item type
    Dewey Decimal Classification     Circulation UM Digos College - LIC UM Digos College - LIC 08/11/2025 Purchased 10560.00   DC 551.6 Ah73 2025 28816 09/16/2025 09/16/2025 Circulation